000 00925nmb a2200265uu 4500
001 09064
003 HDC
007 cr cn|---aauu|
008 210201p20110420-us||||| |||| 00| 0 eng d
040 _aHDC
100 _aFerrara, Massimo
_eauthor
_99506
245 0 _aFood, Migration, and Identity :
_bHalal food and Muslim immigrants in Italy /
_cMassimo Ferrara
260 _aKansas :
_bUniversity of Kansas,
_c2011
300 _a51 pages :
_bcolour illustrations
336 _atext
_2rdacontent
337 _acomputer
_2rdamedia
338 _aonline resource
_2rdacarrier
650 _aFood migration
_99507
650 _aFood
_xReligious aspects
_xIslam
_9239
650 _aHalal food
_950
856 _zRequest full-text at [email protected]
942 _2ddc
942 _cTHE
942 _kTHES 000036
999 _c6387
_d6387